| 000 | 00440nam a22001697a 4500 | ||
|---|---|---|---|
| 005 | 20180811112405.0 | ||
| 008 | 160502b xxu||||| |||| 00| 0 eng d | ||
| 020 | _a81-242-0268-0 | ||
| 041 | _aeng | ||
| 082 |
_b1100 _a658.3124 |
||
| 100 |
_aRae, Leslie _91809 |
||
| 245 | _aThe art of training and Development in Management (VOL-4) | ||
| 260 |
_bCrest Publishing house _c2002 |
||
| 300 | _a217p, | ||
| 650 |
_aManagement _9241 |
||
| 942 | _cBK | ||
| 999 |
_c416 _d416 |
||